| 000 | 00471nam a22001937a 4500 | ||
|---|---|---|---|
| 005 | 20230516133943.0 | ||
| 008 | 230509b |||||||| |||| 00| 0 eng d | ||
| 020 | _a9788131203378 | ||
| 082 |
_a617.7 _bPAR |
||
| 100 | _aRamanjit Sihota | ||
| 245 | _aParson's Diseases of the Eye | ||
| 250 | _a20th ed. | ||
| 260 |
_aIndia _bElsevier _c2010 |
||
| 300 | _a576 | ||
| 500 | _aIndex | ||
| 700 | _aRamanjit Sihota | ||
| 856 | _yhttp://parsons.manthan.info | ||
| 999 |
_c18333 _d18333 |
||